Statistics for Canadian Army (RANKS)

Click here to take the quiz!

General Stats

  • This quiz has been taken 46 times
  • The average score is 15 of 24

Answer Stats

PaygradeAnswer% Correct
OR-3Corporal
92%
OF-3Major
92%
OF-9General
88%
OF-1/bLieutenant
88%
OF-2Captain
85%
OR-5Sergeant
85%
OF-6Brigadier General
77%
OF-5Colonel
77%
OF-4Lieutenant Colonel
77%
OF-8Lieutenant General
77%
OF-7Major General
73%
OR-4Master Corporal
69%
OF-1/aSecond Lieutenant
69%
OR-7Warrant Officer
69%
OR-8Master Warrant Officer
62%
OR-9Chief Warrant Officer
58%
OC-1Officer Cadet
54%
OR-1Private (Basic)
50%
OR-2Private (Trained)
46%
BMQBasic Military Qualification
23%
MoDMinister of Defense
23%
CDS (OF-9)Chief of the Defense Staff
15%
JMoDJunior Minister of Defense
15%
VCDS (OF-9)Vice Chief of the Defense Staff
15%

Score Distribution

Percentile by Number Answered

Percent of People with Each Score

Your Score History

You have not taken this quiz